[Event "Euro Online Blitz TOP16"]
[Site "Tornelo INT"]
[Date "2020.12.19"]
[Round "1.3"]
[White "Safarli, Eltaj"]
[Black "Navara, David"]
[Result "0-1"]
[WhiteTitle "GM"]
[BlackTitle "GM"]
[WhiteElo "2598"]
[BlackElo "2697"]
[WhiteFideId "13402129"]
[BlackFideId "309095"]
[EventDate "2020.12.19"]

1. e4 c6 2. d4 d5 3. exd5 cxd5 4. c4 Nf6 5. Nc3 Nc6 6. Bg5 Be6 7. Be2 Qa5 8. Nf3
dxc4 9. O-O g6 10. Bxf6 exf6 11. d5 O-O-O 12. Bxc4 Bg4 13. h3 Ne5 14. hxg4 Nxc4
15. Qd4 Ne5 16. Nxe5 fxe5 17. Qxe5 Bd6 18. Qf6 Qb4 19. Qxf7 Kb8 20. Qf3 h5 21.
gxh5 Rxh5 22. g3 Rdh8 23. Rae1 Qxb2 24. Ne4 Qe5 25. Nxd6 Qxd6 26. Rd1 a6 27.
Rfe1 g5 28. Re8+ Rxe8 29. Qxh5 Re5 30. Qf7 Re2 31. Rb1 Qc7 32. Qg8+ Ka7 33. Qxg5
Qc5 34. Qf4 Qxd5 35. a4 Re4 36. Qf6 Rxa4 37. Qb6+ Kb8 38. Rc1 Rc4 39. Re1 Rc8
40. Qb4 Rh8 41. Qf4+ Ka8 42. Qe4 Qh5 43. Qg2 a5 44. Rb1 Rh7 45. Ra1 Ka7 46. Rc1
a4 47. Ra1 b5 48. Re1 a3 0-1

[Event "Euro Online Blitz TOP16"]
[Site "Tornelo INT"]
[Date "2020.12.19"]
[Round "1.4"]
[White "Navara, David"]
[Black "Safarli, Eltaj"]
[Result "1-0"]
[WhiteTitle "GM"]
[BlackTitle "GM"]
[WhiteElo "2697"]
[BlackElo "2598"]
[WhiteFideId "309095"]
[BlackFideId "13402129"]
[EventDate "2020.12.19"]

1. d4 Nf6 2. c4 e6 3. Nc3 Bb4 4. Qc2 b6 5. e4 c5 6. d5 Qe7 7. Ne2 exd5 8. exd5
O-O 9. Bd2 d6 10. O-O-O Ng4 11. Be1 Qg5+ 12. Qd2 Qxd2+ 13. Kxd2 Re8 14. a3 Ba5
15. Ng3 Ba6 16. Nf5 Rd8 17. Kc2 g6 18. h3 Nf6 19. Ne3 Nbd7 20. Rb1 Bxc3 21. Bxc3
Ne4 22. Be1 Re8 23. Bd3 f5 24. g4 f4 25. Ng2 g5 26. h4 h6 27. hxg5 hxg5 28. f3
Ng3 29. Bxg3 fxg3 30. Rh5 Re5 31. Rbh1 Rf8 32. Bf5 Nf6 33. Rxg5+ Kf7 34. Be6+
Ke8 35. Rxe5 dxe5 36. g5 Ne4 37. g6 Nd6 38. g7 Bxc4 39. Rh8 1-0

[Event "Euro Online Blitz TOP16"]
[Site "Tornelo INT"]
[Date "2020.12.19"]
[Round "1.1"]
[White "Jones, Gawain C B"]
[Black "Deac, Bogdan-Daniel"]
[Result "1-0"]
[WhiteTitle "GM"]
[BlackTitle "GM"]
[WhiteElo "2670"]
[BlackElo "2625"]
[WhiteFideId "409561"]
[BlackFideId "1226380"]
[EventDate "2020.12.19"]

1. Nf3 d5 2. g3 Nf6 3. Bg2 e6 4. O-O Be7 5. c4 O-O 6. b3 b6 7. Bb2 Bb7 8. cxd5
Nxd5 9. d4 Nd7 10. Nbd2 c5 11. Rc1 Rc8 12. Nc4 N5f6 13. Re1 b5 14. Nce5 Nxe5 15.
Nxe5 Bxg2 16. Kxg2 Qd5+ 17. f3 Rfd8 18. dxc5 Rxc5 19. Qxd5 Rdxd5 20. Nd3 Rxc1
21. Rxc1 a5 22. Rc7 Bf8 23. Ra7 b4 24. Ra8 Nd7 25. Bc1 Nc5 26. Rxa5 Nxd3 27.
Rxd5 exd5 28. exd3 f5 29. g4 fxg4 30. fxg4 Kf7 31. Kf3 Ke6 32. Bb2 g6 33. Kf4
Bd6+ 34. Kg5 Bxh2 35. Kh6 Be5 36. Bc1 Bd6 37. Kxh7 Kf7 38. Kh6 Be7 39. Bd2 Bd6
40. Kg5 Be7+ 41. Kf4 Bd6+ 42. Kf3 Ke6 43. Be3 Be7 44. Bd4 Bd6 45. Ke2 Be7 46.
Kf3 Bd6 47. Ke3 Be7 48. Kf4 Bd6+ 49. Kg5 Kf7 50. Bf6 Bc5 51. Be5 Be3+ 52. Bf4
Bc5 53. Bd2 Be7+ 54. Kf4 Bd6+ 55. Kf3 Ke6 56. Be1 Bc5 57. Bg3 Be7 58. Ke2 Bc5
59. Bf4 Be7 60. Kd1 Bd6 61. Bxd6 Kxd6 62. d4 Ke6 63. Ke2 Kf6 64. Kf3 Kf7 65. Kg3
Kg7 66. Kf4 Kf6 67. Kf3 Kf7 68. Ke3 Ke7 69. Kd2 Kf6 70. a4 bxa3 71. Kc2 Kg5 72.
b4 Kf6 73. Kb3 Ke6 74. Kxa3 Kd6 75. Ka4 Kc6 76. Ka5 1-0

[Event "Euro Online Blitz TOP16"]
[Site "Tornelo INT"]
[Date "2020.12.19"]
[Round "1.2"]
[White "Deac, Bogdan-Daniel"]
[Black "Jones, Gawain C B"]
[Result "1/2-1/2"]
[WhiteTitle "GM"]
[BlackTitle "GM"]
[WhiteElo "2625"]
[BlackElo "2670"]
[WhiteFideId "1226380"]
[BlackFideId "409561"]
[EventDate "2020.12.19"]

1. e4 e5 2. Nf3 Nc6 3. Bc4 Nf6 4. Ng5 d5 5. exd5 Na5 6. Bb5+ c6 7. dxc6 bxc6 8.
Bd3 Nd5 9. Nf3 Nf4 10. O-O Nxd3 11. cxd3 Bd6 12. d4 e4 13. Re1 O-O 14. Rxe4 Bf5
15. Re1 Bg4 16. d3 Qf6 17. Be3 Rab8 18. Nbd2 Rxb2 19. Qa4 Rb5 20. h3 Bxh3 21.
gxh3 Qg6+ 22. Kf1 Qxd3+ 23. Re2 f5 24. Ne1 Qc3 25. Nb3 f4 26. Rc1 Qb4 27. Qxb4
Bxb4 28. Bd2 Nxb3 29. axb3 f3 30. Nxf3 Rxf3 31. Bxb4 Rxb4 32. Rxc6 Rb7 33. Re3
Rxb3 34. Re7 h5 35. Rcc7 Kh7 36. Rxg7+ Kh6 37. Rgd7 Rxh3 38. Kg2 Rhd3 39. Rd6+
Kg5 40. Rc5+ Kf4 41. Rxh5 Rb6 42. Rh4+ Kf5 43. Rd7 Rg6+ 44. Kf1 a5 45. d5 Ke5
46. Rd8 Rf6 47. Ke2 Ra3 48. Rh5+ Kd4 49. Kf1 Ra2 50. Rh2 a4 51. d6 Ra1+ 52. Kg2
Ra2 53. Kg3 Ra3+ 54. Kg4 Raf3 55. Rh5 R6f4+ 56. Kg5 Rf5+ 57. Kg6 Rxh5 58. Kxh5
Kd5 59. d7 Kd6 60. Ra8 Kxd7 61. Rxa4 Rxf2 62. Kg5 Ke6 1/2-1/2

[Event "Euro Online Blitz TOP16"]
[Site "Tornelo INT"]
[Date "2020.12.19"]
[Round "1.3"]
[White "Jones, Gawain C B"]
[Black "Deac, Bogdan-Daniel"]
[Result "0-1"]
[WhiteTitle "GM"]
[BlackTitle "GM"]
[WhiteElo "2670"]
[BlackElo "2625"]
[WhiteFideId "409561"]
[BlackFideId "1226380"]
[EventDate "2020.12.19"]

1. Nf3 d5 2. g3 Nf6 3. Bg2 e6 4. O-O Be7 5. c4 O-O 6. b3 b6 7. Bb2 Bb7 8. cxd5
Nxd5 9. d4 Nd7 10. Re1 N5f6 11. Nc3 c5 12. e4 cxd4 13. Nxd4 Ne5 14. Qe2 Bc5 15.
Rad1 Bxd4 16. Nb5 Bxb2 17. Rxd8 Raxd8 18. Qxb2 Nd3 19. Qe2 Nxe1 20. Qxe1 a6 21.
e5 Bxg2 22. Kxg2 axb5 23. exf6 gxf6 24. Qe3 Rd6 25. Qf4 e5 26. Qg4+ Kh8 27. Qb4
Rfd8 28. Qxb5 Kg7 29. a4 Rc8 30. Qb4 Rdc6 31. Qg4+ Kf8 32. Qh4 Kg7 33. Qg4+ Kf8
34. Qf5 Kg7 35. h4 Re6 36. Qg4+ Kf8 37. h5 h6 38. Qe4 Kg7 39. b4 Rd8 40. Qg4+
Kh8 41. Qc4 Rd4 42. Qc1 Kg7 43. Qc3 Red6 44. Kh3 Re4 45. Qc7 Re6 46. Qa7 Rxb4
47. Qa8 Rd4 48. Kg2 Rc4 49. Qa6 Rd4 50. Qa8 e4 51. Qa7 Rb4 52. Kh3 e3 53. fxe3
Rb3 54. Kh2 Rbxe3 55. Qc7 R3e5 56. Kg2 Rxh5 57. Qc2 Rg5 58. Qb3 h5 59. Kh3 Rge5
60. Kh4 Rd6 61. Qb2 Rg5 62. Qc3 Re6 63. Qd3 Re1 64. Kh3 Rh1+ 65. Kg2 Ra1 66. Qd4
Ra3 67. Qxb6 Rxa4 68. Kh3 Rag4 69. Kh2 Rxg3 70. Qd6 R3g4 71. Kh3 Rg1 72. Kh2 h4
73. Qd4 R1g2+ 74. Kh1 Rg1+ 75. Kh2 h3 76. Qf4 R1g2+ 77. Kxh3 R5g3+ 78. Kh4 Rg4+
79. Kh5 Rg5+ 80. Kh4 R2g4+ 81. Qxg4 Rxg4+ 82. Kxg4 Kg6 0-1

[Event "Euro Online Blitz TOP16"]
[Site "Tornelo INT"]
[Date "2020.12.19"]
[Round "1.4"]
[White "Deac, Bogdan-Daniel"]
[Black "Jones, Gawain C B"]
[Result "0-1"]
[WhiteTitle "GM"]
[BlackTitle "GM"]
[WhiteElo "2625"]
[BlackElo "2670"]
[WhiteFideId "1226380"]
[BlackFideId "409561"]
[EventDate "2020.12.19"]

1. e4 e5 2. Nf3 Nc6 3. Bc4 Bc5 4. c3 Nf6 5. d3 d6 6. Nbd2 a6 7. Qe2 Ba7 8. Bb3
Ng4 9. h3 Nh6 10. Nf1 Qf6 11. g4 Qe7 12. Bg5 Qf8 13. Bxh6 gxh6 14. Ng3 Be6 15.
O-O-O O-O-O 16. Nf5 h5 17. Nd2 Ne7 18. Ng3 hxg4 19. hxg4 Ng6 20. Qf3 Qe7 21. Nf5
Qg5 22. Rh5 Qf4 23. Rf1 Qxf3 24. Nxf3 Nf4 25. Rh6 Nxd3+ 26. Kc2 Bxb3+ 27. Kxd3
Bxa2 28. Rfh1 Bxf2 29. c4 b5 30. cxb5 axb5 31. Nd2 Be6 32. Rxh7 Rxh7 33. Rxh7
Kb7 34. Nh6 Rd7 35. Nf3 Bc4+ 36. Kd2 Bg3 37. Kc3 Bf4 38. Nd2 Be6 39. Nf5 c5 40.
Nf3 b4+ 41. Kc2 c4 42. g5 Kc6 43. Ng7 Bg4 44. Nh2 Be2 45. Nf5 Bd3+ 46. Kd1 Bxe4
47. g6 fxg6 48. Ne7+ Kb5 49. Rf7 Bxh2 0-1

[Event "Euro Online Blitz TOP16"]
[Site "Tornelo INT"]
[Date "2020.12.19"]
[Round "1.1"]
[White "Petrosyan, Manuel"]
[Black "Hovhannisyan, Robert"]
[Result "1-0"]
[WhiteTitle "GM"]
[BlackTitle "GM"]
[WhiteElo "2628"]
[BlackElo "2642"]
[WhiteFideId "13300857"]
[BlackFideId "13302507"]
[EventDate "2020.12.19"]

1. Nf3 d5 2. g3 Bg4 3. Bg2 e6 4. O-O Nf6 5. h3 Bh5 6. c4 c6 7. d3 dxc4 8. dxc4
Nbd7 9. b3 Qc7 10. Nc3 Bc5 11. Kh1 Rd8 12. Qc2 O-O 13. Na4 Bg6 14. Qb2 Be7 15.
Bf4 Bd6 16. Bxd6 Qxd6 17. Rad1 Qe7 18. Ne5 Nxe5 19. Qxe5 Nd7 20. Qc7 b5 21. Nb2
Qa3 22. Rd2 Qxa2 23. Bxc6 Qxb3 24. cxb5 Qc3 25. Rfd1 h6 26. Na4 Qb4 27. Rd4 Qb3
28. Bxd7 Kh7 29. Nc5 Qc3 30. Nxe6 Qb2 31. Nxd8 Qxe2 32. Qf4 Rxd8 33. Bc6 Qxd1+
34. Rxd1 Rxd1+ 35. Kg2 Ra1 36. Qd4 Ra2 37. h4 h5 38. Be4 Rb2 39. Bxg6+ fxg6 40.
Qxb2 1-0

[Event "Euro Online Blitz TOP16"]
[Site "Tornelo INT"]
[Date "2020.12.19"]
[Round "1.2"]
[White "Hovhannisyan, Robert"]
[Black "Petrosyan, Manuel"]
[Result "1-0"]
[WhiteTitle "GM"]
[BlackTitle "GM"]
[WhiteElo "2642"]
[BlackElo "2628"]
[WhiteFideId "13302507"]
[BlackFideId "13300857"]
[EventDate "2020.12.19"]

1. e4 c6 2. d4 d5 3. e5 Bf5 4. Nf3 e6 5. Be2 Ne7 6. c3 Ng6 7. O-O h5 8. a4 Nd7
9. a5 a6 10. Bd3 Bxd3 11. Qxd3 c5 12. Be3 Rc8 13. Nbd2 cxd4 14. cxd4 Nb8 15. Ng5
Ne7 16. Nb3 Nf5 17. Bd2 Nc6 18. Rfc1 Be7 19. Nf3 O-O 20. Nc5 Bxc5 21. Rxc5 Ncxd4
22. Nxd4 Rxc5 23. Nxf5 exf5 24. Bb4 Rb5 25. Bxf8 Qxf8 26. Qxf5 g6 27. Qf6 Qg7
28. Qd6 Qf8 29. Rc1 Rxb2 30. g3 d4 31. Qxd4 Rb5 32. Qd7 Kg7 33. e6 Re5 34. Rc7
Re1+ 35. Kg2 h4 36. Qxf7+ Qxf7 37. Rxf7+ Kh6 38. Rxb7 hxg3 39. hxg3 Rxe6 40. Rb6
Re2 41. Rxa6 Ra2 42. Ra8 Ra3 43. a6 Kg7 44. f4 Ra2+ 45. Kf3 Ra3+ 46. Kg4 Ra5 47.
a7 Ra3 48. Kh3 Ra1 49. g4 Ra3+ 50. Kg2 Ra2+ 51. Kf3 Ra3+ 52. Ke2 Ra2+ 53. Kd3
Ra4 54. f5 Ra1 55. f6+ 1-0

[Event "Euro Online Blitz TOP16"]
[Site "Tornelo INT"]
[Date "2020.12.19"]
[Round "1.3"]
[White "Petrosyan, Manuel"]
[Black "Hovhannisyan, Robert"]
[Result "1-0"]
[WhiteTitle "GM"]
[BlackTitle "GM"]
[WhiteElo "2628"]
[BlackElo "2642"]
[WhiteFideId "13300857"]
[BlackFideId "13302507"]
[EventDate "2020.12.19"]

1. Nf3 d5 2. g3 Bg4 3. Bg2 e6 4. O-O Nf6 5. h3 Bh5 6. d3 Be7 7. c4 c6 8. cxd5
cxd5 9. Qb3 Bxf3 10. Bxf3 Qd7 11. e4 Nc6 12. Be3 O-O 13. Bg2 Rfd8 14. Nd2 h6 15.
Nf3 dxe4 16. dxe4 Nxe4 17. Rfd1 Qc7 18. Rxd8+ Rxd8 19. Rc1 Qb8 20. Ne1 Nf6 21.
Bxc6 bxc6 22. Qxb8 Rxb8 23. Nd3 Nd5 24. Rxc6 Nxe3 25. fxe3 Bf6 26. Rc2 Rd8 27.
Nf2 Be5 28. g4 f5 29. Kg2 Kf7 30. Kf3 Kf6 31. b3 Rd6 32. Ke2 Bg3 33. Nd3 fxg4
34. hxg4 Kg5 35. Rc4 Ra6 36. a4 g6 37. Nc5 Rb6 38. b4 Bd6 39. a5 Bxc5 40. Rxc5+
Kxg4 41. axb6 axb6 42. Rc6 h5 43. Rxe6 g5 44. Rxb6 h4 45. b5 Kg3 46. Rh6 g4 47.
b6 h3 48. b7 Kg2 49. b8=Q g3 50. Rg6 1-0

[Event "Euro Online Blitz TOP16"]
[Site "Tornelo INT"]
[Date "2020.12.19"]
[Round "1.4"]
[White "Hovhannisyan, Robert"]
[Black "Petrosyan, Manuel"]
[Result "1-0"]
[WhiteTitle "GM"]
[BlackTitle "GM"]
[WhiteElo "2642"]
[BlackElo "2628"]
[WhiteFideId "13302507"]
[BlackFideId "13300857"]
[EventDate "2020.12.19"]

1. e4 c6 2. d4 d5 3. e5 Bf5 4. Nf3 e6 5. Be2 Ne7 6. O-O Ng6 7. Be3 Nd7 8. Nbd2
h5 9. c4 dxc4 10. Nxc4 Nb6 11. Rc1 Nxc4 12. Bxc4 Be7 13. Qb3 Qd7 14. Rfd1 Bg4
15. d5 exd5 16. Rxd5 Qc8 17. Rb5 O-O 18. Rxb7 Bxf3 19. gxf3 Nxe5 20. Rxe7 Nxf3+
21. Kh1 Rb8 22. Bxf7+ Kh8 23. Qe6 Qxe6 24. Bxe6 Rxb2 25. Rxa7 1-0

[Event "Euro Online Blitz TOP16"]
[Site "Tornelo INT"]
[Date "2020.12.19"]
[Round "1.5"]
[White "Hovhannisyan, Robert"]
[Black "Petrosyan, Manuel"]
[Result "0-1"]
[WhiteTitle "GM"]
[BlackTitle "GM"]
[WhiteElo "2642"]
[BlackElo "2628"]
[WhiteFideId "13302507"]
[BlackFideId "13300857"]
[EventDate "2020.12.19"]

1. e4 c6 2. d4 d5 3. e5 Bf5 4. Be2 e6 5. Nf3 Ne7 6. O-O Ng6 7. Be3 Nd7 8. c3 h5
9. Nbd2 Rc8 10. Ne1 c5 11. f4 a6 12. Bd3 Ne7 13. Bf2 Bxd3 14. Nxd3 Nf5 15. Nf3
Be7 16. g3 Qb6 17. Qb3 c4 18. Qxb6 Nxb6 19. Nde1 Na4 20. Rb1 Rc6 21. Ng2 Rb6 22.
Rfc1 Nxb2 23. Rc2 Na4 24. Rxb6 Nxb6 25. h3 Na4 26. g4 hxg4 27. hxg4 Nh6 28. Ne3
Kd7 29. Kg2 b5 30. f5 a5 31. Bg3 b4 32. cxb4 axb4 33. f6 b3 34. axb3 cxb3 35.
Rc1 b2 36. Rb1 Ba3 37. Bf4 Rg8 38. fxg7 Nxg4 39. Nxg4 Rxg7 40. Bg5 Nc3 41. Nf6+
Kc6 42. Nd2 Rxg5+ 43. Kf3 Nxb1 44. Nxb1 Bb4 45. Ke2 Rg1 46. Kd3 Rxb1 47. Kc2 Rf1
48. Kxb2 Rxf6 49. exf6 Kb5 50. Kb3 Ba5 51. Kc2 Kc4 52. Kb2 Kxd4 53. Kc2 Bd8 54.
Kb3 Ke5 55. Kc3 Kxf6 0-1

[Event "Euro Online Blitz TOP16"]
[Site "Tornelo INT"]
[Date "2020.12.19"]
[Round "2.1"]
[White "Shirov, Alexei"]
[Black "Meier, Georg"]
[Result "1/2-1/2"]
[WhiteTitle "GM"]
[BlackTitle "GM"]
[WhiteElo "2662"]
[BlackElo "2628"]
[WhiteFideId "2209390"]
[BlackFideId "4675789"]
[EventDate "2020.12.19"]

1. e4 e6 2. d4 d5 3. e5 c5 4. c3 Nc6 5. Nf3 Bd7 6. Be2 Rc8 7. O-O a6 8. Na3 cxd4
9. cxd4 Nge7 10. Nc2 Nf5 11. g4 Nfe7 12. Bf4 Ng6 13. Bg3 h5 14. h3 Qb6 15. Rb1
Nb4 16. Nxb4 Bxb4 17. Qb3 Rc6 18. Rbc1 Be7 19. Qxb6 Rxb6 20. Rc2 hxg4 21. hxg4
Rc6 22. Rfc1 Rxc2 23. Rxc2 Bd8 24. Nd2 Bb6 25. Nb3 Ne7 26. f4 Ba4 27. Bf2 Bxb3
28. axb3 Kd7 29. Kg2 Nc6 30. Rd2 g6 31. Bd1 Ba5 32. Rd3 Bb6 33. Rd2 Ba5 34. Rd3
Bb6 35. Rd2 1/2-1/2

[Event "Euro Online Blitz TOP16"]
[Site "Tornelo INT"]
[Date "2020.12.19"]
[Round "2.2"]
[White "Meier, Georg"]
[Black "Shirov, Alexei"]
[Result "1/2-1/2"]
[WhiteTitle "GM"]
[BlackTitle "GM"]
[WhiteElo "2628"]
[BlackElo "2662"]
[WhiteFideId "4675789"]
[BlackFideId "2209390"]
[EventDate "2020.12.19"]

1. Nf3 d5 2. g3 Bg4 3. Bg2 Nd7 4. h3 Bh5 5. c4 e6 6. cxd5 exd5 7. O-O Ngf6 8.
Nc3 Bd6 9. d3 c6 10. e4 O-O 11. exd5 Nxd5 12. Nxd5 cxd5 13. Be3 Re8 14. Re1 Ne5
15. g4 Bg6 16. Nxe5 Bxe5 17. Qb3 h5 18. d4 Bb8 19. Qxd5 Qc7 20. f4 Rxe3 21. Rxe3
Qxf4 22. Rae1 Qh2+ 23. Kf1 Bf4 24. gxh5 Bxe3 25. Rxe3 Bb1 26. Qe5 Qxe5 27. Rxe5
Bxa2 28. Re7 Rd8 29. Rxb7 Rxd4 30. Rxa7 Be6 31. h6 gxh6 32. Ra5 Rb4 33. Kf2
Rxb2+ 34. Kg3 Kg7 35. h4 Rb3+ 36. Bf3 Rb4 37. Rc5 Kf6 38. Ra5 Rb8 39. Ra3 Rg8+
40. Kf4 Rg1 41. Ra5 Rh1 42. h5 Rh4+ 43. Kg3 Rd4 44. Rc5 Rd3 45. Kf4 Ra3 46. Be4
Rh3 47. Bf3 Ke7 48. Rc7+ Kd6 49. Rc6+ Kd7 50. Rc5 Ke7 51. Rc7+ Kf6 52. Rc5 Rh4+
53. Kg3 Rd4 54. Ra5 Bf5 55. Ra6+ Kg5 56. Ra5 Rd3 57. Kf2 Kf6 58. Ra6+ Be6 59.
Ra5 Rc3 60. Kg3 Rc4 61. Kf2 Rc3 1/2-1/2

[Event "Euro Online Blitz TOP16"]
[Site "Tornelo INT"]
[Date "2020.12.19"]
[Round "2.1"]
[White "Bluebaum, Matthias"]
[Black "Indjic, Aleksandar"]
[Result "1-0"]
[WhiteTitle "GM"]
[BlackTitle "GM"]
[WhiteElo "2670"]
[BlackElo "2604"]
[WhiteFideId "24651516"]
[BlackFideId "911925"]
[EventDate "2020.12.19"]

1. d4 Nf6 2. c4 c5 3. d5 e6 4. Nc3 exd5 5. cxd5 d6 6. Nf3 g6 7. h3 Bg7 8. e4 O-O
9. Be3 a6 10. a4 Re8 11. Nd2 Nbd7 12. Be2 h6 13. O-O g5 14. f4 gxf4 15. Rxf4 Ne5
16. Qc2 Ng6 17. Rf2 Nd7 18. Nf1 Qh4 19. Bg4 Nde5 20. Bxc8 Raxc8 21. Rf5 c4 22.
Bf2 Qd8 23. Ng3 Nh4 24. Rh5 Nd3 25. Be3 Re5 26. Rf1 b5 27. axb5 axb5 28. Nxb5
Nxb2 29. Na7 Rxh5 30. Nxh5 Nd3 31. Nxc8 Qxc8 32. Nxg7 Kxg7 33. Bd4+ Kg8 34. Qd2
Qf8 35. Qc3 Ng6 36. Qxc4 Nde5 37. Qc7 h5 38. Rb1 Kh7 39. Rf1 h4 40. Kh1 Kg8 41.
Rf6 Qh6 42. Bxe5 dxe5 43. Qxf7+ 1-0

[Event "Euro Online Blitz TOP16"]
[Site "Tornelo INT"]
[Date "2020.12.19"]
[Round "2.2"]
[White "Indjic, Aleksandar"]
[Black "Bluebaum, Matthias"]
[Result "0-1"]
[WhiteTitle "GM"]
[BlackTitle "GM"]
[WhiteElo "2604"]
[BlackElo "2670"]
[WhiteFideId "911925"]
[BlackFideId "24651516"]
[EventDate "2020.12.19"]

1. Nf3 d5 2. d3 Nf6 3. c4 e6 4. g3 dxc4 5. Qa4+ Bd7 6. Qxc4 c5 7. Ne5 Nc6 8.
Nxd7 Qxd7 9. Bg2 Rc8 10. Qc2 Be7 11. O-O O-O 12. Nc3 Rfd8 13. Bd2 a6 14. Rac1 b5
15. Bf4 h6 16. Rfd1 Nd5 17. Nxd5 exd5 18. b3 Qe6 19. Re1 c4 20. bxc4 dxc4 21.
dxc4 Nd4 22. Qb2 bxc4 23. e3 Nb5 24. Qe5 Qxe5 25. Bxe5 Ba3 26. Rc2 Rc5 27. f4
Bb4 28. Ree2 c3 29. Kf2 f6 30. Bd4 Nxd4 31. exd4 Rxd4 32. h4 Kf8 33. Be4 Rc7 34.
Bg6 Re7 35. Rxe7 Kxe7 36. Ke3 Rd1 37. Ke2 Ra1 38. Kd3 Rg1 39. Kc4 Ba5 40. Re2+
Kd6 41. Re3 Rg2 42. Rd3+ Kc7 43. Rd5 c2 44. Bxc2 Rxc2+ 45. Kb3 Rc3+ 46. Kb2 Bb4
47. a3 Rxa3 48. Rd4 a5 0-1

[Event "Euro Online Blitz TOP16"]
[Site "Tornelo INT"]
[Date "2020.12.19"]
[Round "2.3"]
[White "Bluebaum, Matthias"]
[Black "Indjic, Aleksandar"]
[Result "0-1"]
[WhiteTitle "GM"]
[BlackTitle "GM"]
[WhiteElo "2670"]
[BlackElo "2604"]
[WhiteFideId "24651516"]
[BlackFideId "911925"]
[EventDate "2020.12.19"]

1. d4 g6 2. c4 Bg7 3. e4 d6 4. Nc3 e5 5. Nf3 Bg4 6. dxe5 Bxf3 7. gxf3 Bxe5 8. c5
Nc6 9. cxd6 cxd6 10. f4 Bxc3+ 11. bxc3 Nf6 12. Bg2 O-O 13. O-O Re8 14. Re1 Nh5
15. Bf3 Ng7 16. Be3 Qf6 17. Rb1 Ne6 18. Qd2 Ng5 19. fxg5 Qxf3 20. Bf4 Qg4+ 21.
Bg3 Ne5 22. Qe2 Nf3+ 23. Kh1 d5 24. Rb4 a5 25. Rd4 Qh5 26. Rxd5 Nxe1 27. Qxe1
Qf3+ 28. Kg1 Rxe4 29. Qd1 Re1+ 30. Qxe1 Qxd5 31. a3 Rd8 32. Qe3 Qc6 33. f3 b6
34. Be5 Qe6 35. Qf4 Qf5 36. Qe3 Re8 37. f4 Rd8 38. Kf2 Qc2+ 0-1

[Event "Euro Online Blitz TOP16"]
[Site "Tornelo INT"]
[Date "2020.12.19"]
[Round "2.4"]
[White "Indjic, Aleksandar"]
[Black "Bluebaum, Matthias"]
[Result "0-1"]
[WhiteTitle "GM"]
[BlackTitle "GM"]
[WhiteElo "2604"]
[BlackElo "2670"]
[WhiteFideId "911925"]
[BlackFideId "24651516"]
[EventDate "2020.12.19"]

1. Nf3 d5 2. d3 Nf6 3. c4 e6 4. g3 dxc4 5. Qa4+ Bd7 6. Qxc4 c5 7. Bg2 Bc6 8. O-O
Be7 9. a3 Nbd7 10. Qc2 O-O 11. e4 Rc8 12. b3 b5 13. Nbd2 Qb6 14. Bb2 Rfd8 15. a4
a6 16. Bc3 Qb7 17. Rfe1 Nb6 18. a5 Nbd7 19. h3 Nf8 20. Ne5 Be8 21. f4 Qb8 22.
Rad1 N6d7 23. Nef3 Qc7 24. h4 Nb8 25. h5 h6 26. Be5 Qxa5 27. g4 Nc6 28. Bc3 Qc7
29. e5 Nb4 30. Bxb4 cxb4 31. Qb1 Qc2 32. d4 Qxb1 33. Rxb1 Bc6 34. Ra1 Ra8 35. f5
a5 36. Ne4 Nh7 37. Rac1 Rac8 38. fxe6 fxe6 39. Nc5 Bxc5 40. Rxc5 a4 41. Rec1 Bd7
42. Rb1 a3 43. Ne1 Be8 44. Rxc8 Rxc8 45. Nd3 g6 46. Nxb4 gxh5 47. gxh5 Bxh5 48.
Ra1 Ng5 49. d5 exd5 50. Nxd5 Kg7 51. Rxa3 Bf7 52. Ra7 Re8 53. Ne7 Kf8 54. Nf5
Rxe5 55. Nxh6 Bxb3 56. Ra8+ Re8 57. Ra6 Re6 58. Ra7 Rxh6 0-1

[Event "Euro Online Blitz TOP16"]
[Site "Tornelo INT"]
[Date "2020.12.19"]
[Round "2.1"]
[White "Navara, David"]
[Black "Pantsulaia, Levan"]
[Result "1-0"]
[WhiteTitle "GM"]
[BlackTitle "GM"]
[WhiteElo "2697"]
[BlackElo "2553"]
[WhiteFideId "309095"]
[BlackFideId "13602071"]
[EventDate "2020.12.19"]

1. d4 Nf6 2. c4 g6 3. Nc3 Bg7 4. e4 O-O 5. Nf3 c6 6. Be2 d5 7. e5 Ne8 8. h4 h5
9. Ng5 Nc7 10. g4 f6 11. exf6 exf6 12. Nh3 hxg4 13. Bxg4 Re8+ 14. Be3 dxc4 15.
Nf4 Kf7 16. Qc2 f5 17. h5 Qxd4 18. hxg6+ Kg8 19. Be2 Rxe3 20. fxe3 Qxe3 21. Qd2
Qxd2+ 22. Kxd2 b5 23. Bf3 Ne6 24. Rae1 Nf8 25. Ncd5 Bd4 26. Nc7 Bb7 27. Nxa8 Na6
28. Re8 Kg7 29. Re7+ Kf6 30. Rxb7 1-0

[Event "Euro Online Blitz TOP16"]
[Site "Tornelo INT"]
[Date "2020.12.19"]
[Round "2.2"]
[White "Pantsulaia, Levan"]
[Black "Navara, David"]
[Result "0-1"]
[WhiteTitle "GM"]
[BlackTitle "GM"]
[WhiteElo "2553"]
[BlackElo "2697"]
[WhiteFideId "13602071"]
[BlackFideId "309095"]
[EventDate "2020.12.19"]

1. g3 e5 2. Bg2 d5 3. c4 c6 4. cxd5 cxd5 5. d4 e4 6. Nh3 Nc6 7. O-O h6 8. Nc3
Nf6 9. Nf4 g5 10. Nh3 Bg7 11. f3 exf3 12. exf3 O-O 13. Nf2 Qb6 14. f4 g4 15.
Bxd5 Nxd5 16. Nxd5 Qxd4 17. Be3 Qxb2 18. Rb1 Qxa2 19. Nxg4 Bxg4 20. Nf6+ Bxf6
21. Qxg4+ Bg7 22. Rxb7 Qe6 23. Qf3 Rfe8 24. Bf2 Nd4 25. Qg2 Qe2 26. Rd7 Nf3+ 27.
Kh1 Nd2 28. Rc1 Rac8 29. Rxc8 Rxc8 30. Bxa7 Rc1+ 31. Bg1 Nf3 0-1

[Event "Euro Online Blitz TOP16"]
[Site "Tornelo INT"]
[Date "2020.12.19"]
[Round "2.3"]
[White "Navara, David"]
[Black "Pantsulaia, Levan"]
[Result "1/2-1/2"]
[WhiteTitle "GM"]
[BlackTitle "GM"]
[WhiteElo "2697"]
[BlackElo "2553"]
[WhiteFideId "309095"]
[BlackFideId "13602071"]
[EventDate "2020.12.19"]

1. d4 Nf6 2. c4 c5 3. d5 e6 4. Nc3 exd5 5. cxd5 d6 6. e4 g6 7. h3 Bg7 8. Nf3 O-O
9. Bd3 Re8 10. O-O Nbd7 11. Re1 Ne5 12. Nxe5 Rxe5 13. f4 Re8 14. Qf3 Nd7 15. Be3
a6 16. a4 Rb8 17. Bf2 Qa5 18. Bc2 Qb4 19. Rab1 b5 20. Na2 Qa5 21. b4 Qc7 22.
Rec1 c4 23. Nc3 Qd8 24. Rd1 g5 25. axb5 axb5 26. Bd4 gxf4 27. Bxg7 Kxg7 28. Qxf4
Ne5 29. Ra1 Bd7 30. Kh2 h6 31. Ra6 Rb6 32. Rda1 Rxa6 33. Rxa6 Bc8 34. Ra8 Qb6
35. Ne2 Kh7 36. Ng3 Qb7 37. Nh5 Rh8 38. Qf6 Rg8 39. Qxd6 Qxa8 40. Nf6+ Kg7 41.
Qxe5 Rd8 42. Nh5+ Kf8 43. Qh8+ Ke7 44. Qe5+ Kf8 45. Qh8+ Ke7 46. Qe5+ Kf8 1/2-1/2